000
00287nam a22000977a 4500
999
_c
515573
_d
515573
082
_a
TNC A99 K898
100
_a
Krishnaswamy, K. S.
_9
21254
245
_a
Windows of opportunity:
_b
Memoirs of an economic adviser
_c
by K. S. Krishnaswamy
260
_a
Hyderabad
_b
Orient
_c
2010
300
_a
190p.